[Event "Titled Tuesday intern op 29th Aug Late"]
[Site "Chess.com INT"]
[Date "2023.08.29"]
[Round "4"]
[White "Lorparizangeneh, Shahin"]
[Black "Mendes, Aaron Reeve"]
[Result "1/2-1/2"]
[WhiteElo "2467"]
[BlackElo "2079"]
[PlyCount "162"]
[EventDate "2023.08.29"]
[EventType "swiss (blitz)"]
[EventRounds "11"]
[EventCountry "USA"]
[SourceTitle "EXT 2024"]
[Source "ChessBase"]
[SourceDate "2023.10.10"]
[SourceVersion "1"]
[SourceVersionDate "2023.10.10"]
[SourceQuality "1"]

1. d4 d5 2. Bf4 Nf6 3. e3 e6 4. Nf3 Bd6 5. Bd3 c5 6. Bg3 Bxg3 7. hxg3 Qb6 8. b3 Nc6 9. c3 0-0 10. g4 g6 11. g5 Ne4 12. Bxe4 dxe4 13. Nfd2 cxd4 14. cxd4 Qa5 15. Qg4 Kg7 16. Qh4 Rh8 17. a3 Bd7 18. Qf4 Rac8 19. 0-0 Qf5 20. Nxe4 Qxf4 21. exf4 Nxd4 22. Nbc3 Nxb3 23. Rab1 Nc5 24. Nd6 Rc6 25. Rfd1 b6 26. Ncb5 a6 27. Nc3 b5 28. Nce4 Nxe4 29. Nxe4 Bc8 30. Nf6 h6 31. Rbc1 Bb7 32. Rxc6 Bxc6 33. Rd6 Rc8 34. Kh2 hxg5 35. fxg5 Kf8 36. Kg3 Ke7 37. Rd4 Be8 38. f3 Rc4 39. Rxc4 bxc4 40. Kf4 Bc6 41. Ke3 e5 42. Kd2 Kd6 43. Kc3 Kc5 44. Ng4 e4 45. fxe4 Bxe4 46. g3 Bd5 47. Ne5 Be6 48. Nf3 Kd5 49. Nd2 Ke5 50. Nxc4+ Kf5 51. Ne3+ Kxg5 52. Kb4 Bg4 53. Ka5 Be2 54. Kb6 f5 55. a4 f4 56. gxf4+ Kxf4 57. Nd5+ Kf3 58. Nc3 g5 59. Nxe2 Kxe2 60. Kxa6 g4 61. a5 g3 62. Kb7 g2 63. a6 g1Q 64. a7 Qg2+ 65. Kb8 Qg8+ 66. Kb7 Qd5+ 67. Kb8 Qb5+ 68. Ka8 Qe8+ 69. Kb7 Qd7+ 70. Kb8 Qb5+ 71. Ka8 Qe5 72. Kb7 Qe4+ 73. Kb8 Qb4+ 74. Ka8 Qe7 75. Kb8 Qd8+ 76. Kb7 Qd7+ 77. Kb8 Qd6+ 78. Kb7 Qd5+ 79. Kb8 Qg8+ 80. Kb7 Qg2+ 81. Kb8 Qg8+ 1/2-1/2

[Event "Titled Tuesday intern op 08th Aug Early"]
[Site "Chess.com INT"]
[Date "2023.08.08"]
[Round "2"]
[White "Berezin, Viktor1111"]
[Black "Lorparizangeneh, Shahin"]
[Result "0-1"]
[WhiteElo "2307"]
[BlackElo "2467"]
[PlyCount "78"]
[EventDate "2023.08.08"]
[EventType "swiss (blitz)"]
[EventRounds "11"]
[EventCountry "USA"]
[SourceTitle "EXT 2024"]
[Source "ChessBase"]
[SourceDate "2023.10.10"]
[SourceVersion "1"]
[SourceVersionDate "2023.10.10"]
[SourceQuality "1"]

1. d4 Nf6 2. Nf3 g6 3. g3 Bg7 4. Bg2 0-0 5. 0-0 d5 6. c4 c6 7. Qb3 dxc4 8. Qxc4 Bf5 9. Nc3 Nbd7 10. Re1 Ne4 11. Nxe4 Bxe4 12. Bf4 Nb6 13. Qc3 Bxf3 14. Qxf3 Qxd4 15. b3 Qxa1 16. Rxa1 Bxa1 17. h4 Nd5 18. Bg5 Bf6 19. e4 Bxg5 20. exd5 Bf6 21. dxc6 bxc6 22. Qxc6 Rad8 23. Qc2 Rd6 24. Bf1 Rfd8 25. Be2 Rd2 26. Qe4 Rxa2 27. h5 Kg7 28. Bd3 Rd2 29. Bc4 R2d4 30. Qf3 a5 31. h6+ Kxh6 32. Bxf7 Kg7 33. Be6 R8d6 34. Qe2 Rd2 35. Qe4 Bd4 36. Bc4 Rxf2 37. Kh1 Bf6 38. Kg1 Ra2 39. Bf1 Ra1 0-1

[Event "Titled Tuesday intern op 11th Jul Early"]
[Site "Chess.com INT"]
[Date "2023.07.11"]
[Round "1"]
[White "Villuendas Valero, Adrian"]
[Black "Lorparizangeneh, Shahin"]
[Result "0-1"]
[WhiteElo "2273"]
[BlackElo "2467"]
[PlyCount "66"]
[EventDate "2023.07.11"]
[EventType "swiss (blitz)"]
[EventRounds "11"]
[EventCountry "USA"]
[SourceTitle "EXT 2024"]
[Source "ChessBase"]
[SourceDate "2023.10.10"]
[SourceVersion "1"]
[SourceVersionDate "2023.10.10"]
[SourceQuality "1"]

1. e4 e5 2. Nf3 Nc6 3. Bc4 Nf6 4. d3 Be7 5. 0-0 0-0 6. c3 d6 7. h3 Na5 8. Bb5 a6 9. Ba4 b5 10. Bc2 c5 11. Nbd2 Re8 12. Re1 Bf8 13. Nf1 Nc6 14. Ng3 d5 15. a4 b4 16. Bg5 bxc3 17. bxc3 d4 18. cxd4 cxd4 19. Nh5 Be7 20. Nxf6+ Bxf6 21. Bxf6 Qxf6 22. a5 Be6 23. Nd2 Nb4 24. Rb1 Rab8 25. Nb3 Rec8 26. Re2 Rc3 27. Nc1 Qd8 28. Bb3 Nxd3 29. Bxe6 Rxb1 30. Bxf7+ Kxf7 31. Rc2 Rxc1 32. Rxc1 Rxc1 33. Qxc1 Nxc1 0-1

[Event "Titled Tuesday intern op 04th Jul Early"]
[Site "Chess.com INT"]
[Date "2023.07.04"]
[Round "2"]
[White "Amanov, Zhanibek"]
[Black "Lorparizangeneh, Shahin"]
[Result "1/2-1/2"]
[WhiteElo "2283"]
[BlackElo "2467"]
[PlyCount "105"]
[EventDate "2023.07.04"]
[EventType "swiss (blitz)"]
[EventRounds "11"]
[EventCountry "USA"]
[SourceTitle "EXT 2024"]
[Source "ChessBase"]
[SourceDate "2023.10.10"]
[SourceVersion "1"]
[SourceVersionDate "2023.10.10"]
[SourceQuality "1"]

1. e4 e5 2. Nf3 Nc6 3. Bc4 Bc5 4. c3 Nf6 5. d4 exd4 6. e5 d5 7. Bb5 Ne4 8. cxd4 Bb6 9. Nc3 0-0 10. Be3 Bg4 11. h3 Bh5 12. Qc2 Bg6 13. Qb3 Ne7 14. 0-0 c6 15. Bd3 Nd2 16. Nxd2 Bxd3 17. Rfe1 Bg6 18. Na4 Nf5 19. Nxb6 Qxb6 20. Qc3 f6 21. exf6 Rxf6 22. Nf3 Nxe3 23. Rxe3 Raf8 24. Rf1 Qa6 25. a3 Bf5 26. Ne5 Qb5 27. Rfe1 Bc8 28. f3 a5 29. Ng4 Bxg4 30. hxg4 R6f7 31. Re7 a4 32. Rxf7 Kxf7 33. Qe3 Kg8 34. Qe6+ Kh8 35. Qe7 Kg8 36. Qe6+ Kh8 37. Qd6 Rg8 38. Qb4 Qa6 39. Re7 b6 40. Qc3 Qb5 41. Rc7 c5 42. dxc5 bxc5 43. Rxc5 Qb6 44. Qb4 Qa7 45. Kh1 Qd7 46. Qd4 Rd8 47. Ra5 Qe7 48. Ra7 Qe1+ 49. Kh2 Qh4+ 50. Kg1 Qe1+ 51. Kh2 Qh4+ 52. Kg1 Qe1+ 53. Kh2 1/2-1/2

[Event "Titled Tuesday intern op 04th Jul Early"]
[Site "Chess.com INT"]
[Date "2023.07.04"]
[Round "1"]
[White "Lorparizangeneh, Shahin"]
[Black "Rios Escobar, Adan"]
[Result "1-0"]
[WhiteElo "2467"]
[BlackElo "2234"]
[PlyCount "65"]
[EventDate "2023.07.04"]
[EventType "swiss (blitz)"]
[EventRounds "11"]
[EventCountry "USA"]
[SourceTitle "EXT 2024"]
[Source "ChessBase"]
[SourceDate "2023.10.10"]
[SourceVersion "1"]
[SourceVersionDate "2023.10.10"]
[SourceQuality "1"]

1. e4 c5 2. Nf3 d6 3. d4 cxd4 4. Nxd4 Nf6 5. Bd3 e5 6. Ne2 Nc6 7. c4 Be7 8. Nbc3 Be6 9. 0-0 0-0 10. b3 Kh8 11. h3 Nh5 12. Nd5 Bg5 13. Ba3 g6 14. b4 f5 15. b5 Ne7 16. exf5 gxf5 17. Nd4 Nxd5 18. Nxe6 Qf6 19. cxd5 Nf4 20. Nxf8 Rxf8 21. Kh2 Rg8 22. g3 Qh6 23. Bxf5 Nh5 24. Be6 Rg7 25. Bxd6 Bf4 26. Rg1 Qf6 27. Qxh5 Rg5 28. Qe8+ Kg7 29. Qg8+ Kh6 30. Qf8+ Qxf8 31. Bxf8+ Kg6 32. gxf4 Rxg1 33. Rxg1+ 1-0

[Event "Titled Tuesday intern op 04th Jul Early"]
[Site "Chess.com INT"]
[Date "2023.07.04"]
[Round "4"]
[White "Vyatkin, Dmitry"]
[Black "Lorparizangeneh, Shahin"]
[Result "0-1"]
[WhiteElo "2362"]
[BlackElo "2467"]
[PlyCount "92"]
[EventDate "2023.07.04"]
[EventType "swiss (blitz)"]
[EventRounds "11"]
[EventCountry "USA"]
[SourceTitle "EXT 2024"]
[Source "ChessBase"]
[SourceDate "2023.10.10"]
[SourceVersion "1"]
[SourceVersionDate "2023.10.10"]
[SourceQuality "1"]

1. d4 g6 2. c4 Bg7 3. g3 c5 4. d5 Nf6 5. Nc3 e6 6. Bg2 exd5 7. cxd5 d6 8. Nf3 0-0 9. 0-0 Na6 10. Nd2 Nc7 11. Nc4 b5 12. Nxd6 b4 13. Ncb5 Nxb5 14. Nxb5 Bb7 15. Bf4 Bxd5 16. Bxd5 Qxd5 17. Nc7 Qxd1 18. Raxd1 Rac8 19. b3 Ne4 20. Nd5 Rfe8 21. Be3 Nc3 22. Nxc3 bxc3 23. Rd5 c4 24. b4 Red8 25. Rc5 Rxc5 26. bxc5 c2 27. Rc1 Rd1+ 28. Kg2 Rxc1 29. Bxc1 f5 30. f4 Kf7 31. Kf3 Ke6 32. e4 Bd4 33. c6 Kd6 34. e5+ Kxc6 35. Ke2 Kd5 36. Kd2 Bg1 37. h3 Bh2 38. Kxc2 Bxg3 39. Be3 a6 40. Kc3 g5 41. fxg5 Bxe5+ 42. Kc2 Ke4 43. Bd2 f4 44. h4 f3 45. Be1 Ke3 46. h5 Ke2 0-1

[Event "Titled Tuesday intern op 27th Jun Early"]
[Site "Chess.com INT"]
[Date "2023.06.27"]
[Round "5"]
[White "Lorparizangeneh, Shahin"]
[Black "Garrido Outon, Alex"]
[Result "1-0"]
[WhiteElo "2467"]
[BlackElo "2403"]
[PlyCount "61"]
[EventDate "2023.06.27"]
[EventType "swiss (blitz)"]
[EventRounds "11"]
[EventCountry "USA"]
[SourceTitle "EXT 2024"]
[Source "ChessBase"]
[SourceDate "2023.10.10"]
[SourceVersion "1"]
[SourceVersionDate "2023.10.10"]
[SourceQuality "1"]

1. e4 c6 2. Nc3 g6 3. Nf3 d5 4. d4 Bg7 5. h3 dxe4 6. Nxe4 Nf6 7. Nxf6+ exf6 8. Be3 Be6 9. Bd3 0-0 10. 0-0 Na6 11. a3 Nc7 12. c4 a5 13. b3 Qd7 14. Qc2 Rfe8 15. Rad1 Qd6 16. a4 Na6 17. Qd2 Nb4 18. Bb1 b5 19. axb5 cxb5 20. d5 Bc8 21. c5 Qd8 22. c6 Qd6 23. Bf4 Qc5 24. Rfe1 Rxe1+ 25. Rxe1 Ba6 26. d6 Nxc6 27. d7 Rf8 28. Re8 Nd8 29. Bd6 Qc6 30. Bxf8 Bxf8 31. Rxd8 1-0

[Event "Titled Tuesday intern op 27th Jun Early"]
[Site "Chess.com INT"]
[Date "2023.06.27"]
[Round "1"]
[White "Lorparizangeneh, Shahin"]
[Black "Pandey, Srishti"]
[Result "1-0"]
[WhiteElo "2467"]
[BlackElo "2188"]
[PlyCount "79"]
[EventDate "2023.06.27"]
[EventType "swiss (blitz)"]
[EventRounds "11"]
[EventCountry "USA"]
[SourceTitle "EXT 2024"]
[Source "ChessBase"]
[SourceDate "2023.10.10"]
[SourceVersion "1"]
[SourceVersionDate "2023.10.10"]
[SourceQuality "1"]

1. e4 e5 2. Nf3 Nc6 3. Bb5 a6 4. Ba4 Nf6 5. 0-0 b5 6. Bb3 Bc5 7. d3 d6 8. a4 Rb8 9. c3 0-0 10. Nbd2 Bb6 11. h3 Ne7 12. Re1 Ng6 13. Nf1 h6 14. Ng3 Be6 15. Bc2 Qd7 16. d4 Rfd8 17. Be3 exd4 18. Nxd4 c5 19. Ndf5 Bxf5 20. Nxf5 Ne7 21. axb5 Nxf5 22. exf5 axb5 23. Qf3 c4 24. Rad1 Bxe3 25. Rxe3 d5 26. Qf4 Qd6 27. Qd4 Qb6 28. Qh4 b4 29. Rg3 Nh7 30. Rd4 Qf6 31. Qh5 bxc3 32. bxc3 Rb2 33. Bd1 Ng5 34. Rdg4 Qxf5 35. h4 Nh3+ 36. Kh2 Qxh5 37. Rxg7+ Kf8 38. Bxh5 Nxf2 39. Rxf7+ Ke8 40. Rg8# 1-0

[Event "Titled Tuesday intern op 20th Jun Late"]
[Site "Chess.com INT"]
[Date "2023.06.20"]
[Round "2"]
[White "Lorparizangeneh, Shahin"]
[Black "Ince, Taylan Ruzgar"]
[Result "0-1"]
[WhiteElo "2467"]
[BlackElo "2240"]
[PlyCount "64"]
[EventDate "2023.06.20"]
[EventType "swiss (blitz)"]
[EventRounds "11"]
[EventCountry "USA"]
[SourceTitle "EXT 2024"]
[Source "ChessBase"]
[SourceDate "2023.10.10"]
[SourceVersion "1"]
[SourceVersionDate "2023.10.10"]
[SourceQuality "1"]

1. Nf3 Nf6 2. d4 d5 3. Bf4 c5 4. e3 Nc6 5. Nbd2 e6 6. c3 Bd6 7. Bg3 0-0 8. Bd3 Qe7 9. Ne5 Nd7 10. Nxd7 Bxd7 11. Bxd6 Qxd6 12. dxc5 Qxc5 13. Bxh7+ Kxh7 14. Qh5+ Kg8 15. Ne4 Qb5 16. Ng5 Rfd8 17. Qxf7+ Kh8 18. Qh5+ Kg8 19. Qh7+ Kf8 20. Qh8+ Ke7 21. Qxg7+ Kd6 22. Nf7+ Kc7 23. Nxd8 Rxd8 24. 0-0-0 Kc8 25. h4 e5 26. h5 d4 27. exd4 exd4 28. h6 Bf5 29. h7 Qa4 30. Rd2 Qxa2 31. Rc2 dxc3 32. Qd4 Qa1# 0-1

[Event "Titled Tuesday intern op 30th May Early"]
[Site "Chess.com INT"]
[Date "2023.05.30"]
[Round "11"]
[White "Lorparizangeneh, Shahin"]
[Black "Goswami, Vedant"]
[Result "1-0"]
[WhiteElo "2467"]
[BlackElo "2034"]
[PlyCount "47"]
[EventDate "2023.05.30"]
[EventType "swiss (blitz)"]
[EventRounds "11"]
[EventCountry "USA"]
[SourceTitle "CBM 214 Extra"]
[Source "ChessBase"]
[SourceDate "2023.07.31"]
[SourceVersion "1"]
[SourceVersionDate "2023.07.31"]
[SourceQuality "1"]

1. e4 c6 2. d4 d5 3. exd5 cxd5 4. Bd3 g6 5. Nf3 Bg7 6. c3 Nc6 7. 0-0 Bg4 8. Nbd2 e6 9. Qb3 Rb8 10. Ne5 Bxe5 11. dxe5 Bf5 12. Bb5 Nge7 13. Nf3 a6 14. Be2 h6 15. Nd4 Nxd4 16. cxd4 Nc6 17. Be3 Kf8 18. g4 Qh4 19. gxf5 gxf5 20. f4 Rg8+ 21. Kh1 Qh3 22. Rg1 Ke7 23. Qa3+ Kd7 24. Qd6+ 1-0

[Event "Titled Tuesday intern op 21st Mar Early"]
[Site "Chess.com INT"]
[Date "2023.03.21"]
[Round "8"]
[White "Lorparizangeneh, Shahin"]
[Black "Pinheiro, Iung Alicio"]
[Result "1-0"]
[WhiteElo "2467"]
[BlackElo "2306"]
[PlyCount "81"]
[EventDate "2023.03.21"]
[EventType "swiss (blitz)"]
[EventRounds "11"]
[EventCountry "USA"]
[SourceTitle "EXT 2024"]
[Source "ChessBase"]
[SourceDate "2023.10.10"]
[SourceVersion "1"]
[SourceVersionDate "2023.10.10"]
[SourceQuality "1"]

1. e4 c5 2. Nf3 Nc6 3. Bb5 e6 4. Bxc6 bxc6 5. d3 Qc7 6. Nbd2 e5 7. Nc4 d6 8. 0-0 Ne7 9. Ne1 Ng6 10. g3 Bh3 11. Ng2 Be7 12. Qh5 Qd7 13. Nce3 Be6 14. f4 exf4 15. gxf4 Bh3 16. Rf3 Bxg2 17. Nxg2 0-0-0 18. Bd2 Bf6 19. Rb1 Qe7 20. b4 c4 21. Qa5 Bd4+ 22. Kh1 Bb6 23. Qa6+ Kb8 24. Qxc4 d5 25. exd5 cxd5 26. Qc3 Qe2 27. d4 Rhe8 28. Qd3 Bxd4 29. f5 Qxd3 30. Rxd3 Ne5 31. Rxd4 Nc4 32. Bf4+ Ka8 33. Rbd1 Re2 34. Rxd5 Rxd5 35. Rxd5 Rxc2 36. h4 Kb7 37. Rd7+ Kc6 38. Rxf7 Kd5 39. Rxg7 Ke4 40. f6 Kf3 41. f7 1-0

[Event "Titled Tuesday intern op 7th Mar Early"]
[Site "Chess.com INT"]
[Date "2023.03.07"]
[Round "2"]
[White "Bilan, Danila"]
[Black "Lorparizangeneh, Shahin"]
[Result "0-1"]
[WhiteElo "2303"]
[BlackElo "2467"]
[PlyCount "96"]
[EventDate "2023.03.07"]
[EventType "swiss (blitz)"]
[EventRounds "11"]
[EventCountry "USA"]
[SourceTitle "EXT 2024"]
[Source "ChessBase"]
[SourceDate "2023.10.10"]
[SourceVersion "1"]
[SourceVersionDate "2023.10.10"]
[SourceQuality "1"]

1. d4 d5 2. Nf3 Nf6 3. c4 e6 4. Nc3 Bb4 5. Qb3 c5 6. e3 Nc6 7. Bd2 cxd4 8. Nxd4 Nxd4 9. exd4 Bxc3 10. bxc3 0-0 11. Bd3 b6 12. cxd5 Qxd5 13. Qxd5 exd5 14. f3 a5 15. Rb1 Ba6 16. Bxa6 Rxa6 17. Ke2 Ne8 18. Bf4 Nf6 19. Kd3 Rd8 20. Bg5 Rd6 21. Rhe1 Kf8 22. Bxf6 gxf6 23. a4 Ra7 24. Rec1 Re7 25. Re1 Rc7 26. Rb3 Rc4 27. Ra3 Re6 28. Rb1 Rcc6 29. Rb5 Rcd6 30. Rab3 f5 31. Rb2 f4 32. c4 Re3+ 33. Kc2 dxc4 34. Rxb6 Rxd4 35. Kb1 c3 36. Rc2 Rxa4 37. Rb8+ Kg7 38. Rc8 Re1+ 39. Rc1 Ra1+ 40. Kxa1 Rxc1+ 41. Ka2 Rc2+ 42. Kb3 Rxg2 43. Rxc3 Rxh2 44. Rc4 Rh6 45. Rxf4 Rf6 46. Rg4+ Kf8 47. f4 h5 48. Rg5 Rh6 0-1

[Event "Titled Tuesday intern op 7th Mar Early"]
[Site "Chess.com INT"]
[Date "2023.03.07"]
[Round "3"]
[White "Lorparizangeneh, Shahin"]
[Black "Samarth, J Rao"]
[Result "1-0"]
[WhiteElo "2467"]
[BlackElo "1616"]
[PlyCount "61"]
[EventDate "2023.03.07"]
[EventType "swiss (blitz)"]
[EventRounds "11"]
[EventCountry "USA"]
[SourceTitle "EXT 2024"]
[Source "ChessBase"]
[SourceDate "2023.10.10"]
[SourceVersion "1"]
[SourceVersionDate "2023.10.10"]
[SourceQuality "1"]

1. e4 c5 2. Nf3 d6 3. b3 Nf6 4. Nc3 g6 5. Bb2 Bg7 6. d4 cxd4 7. Qxd4 Nc6 8. Qd2 Ng4 9. h3 Nge5 10. Nxe5 dxe5 11. Qxd8+ Kxd8 12. 0-0-0+ Kc7 13. Nd5+ Kb8 14. Ba3 Bf8 15. Bb5 e6 16. Bxf8 Rxf8 17. Bxc6 bxc6 18. Nf6 Kc7 19. Nxh7 Rh8 20. Nf6 a5 21. h4 a4 22. Kb2 axb3 23. cxb3 c5 24. g3 Rd8 25. Rxd8 Kxd8 26. Ng4 Bb7 27. Nxe5 Bxe4 28. Re1 Bd5 29. Nxf7+ Ke7 30. Ne5 Rg8 31. f4 1-0

[Event "Beirut op 11th"]
[Site "Beirut"]
[Date "2022.11.18"]
[Round "8"]
[White "Lorparizangeneh, Shahin"]
[Black "Hesham, Abdelrahman"]
[Result "1-0"]
[WhiteElo "2471"]
[BlackElo "2386"]
[PlyCount "105"]
[EventDate "2022.11.12"]
[EventType "swiss"]
[EventRounds "9"]
[EventCountry "LBN"]
[SourceTitle "CBM 211 Extra"]
[Source "ChessBase"]
[SourceDate "2023.01.31"]
[SourceVersion "1"]
[SourceVersionDate "2023.01.31"]
[SourceQuality "1"]

1. d4 Nf6 2. Nf3 g6 3. Nbd2 Bg7 4. e4 0-0 5. e5 Nh5 6. g4 Nf4 7. Ne4 d5 8. Ng3 Ne6 9. Nf5 c5 10. Nxg7 Kxg7 11. Qd2 cxd4 12. h4 f6 13. Qh6+ Kg8 14. Bd3 Rf7 15. g5 Qf8 16. gxf6 exf6 17. h5 Qxh6 18. Bxh6 Nc5 19. hxg6 Nxd3+ 20. cxd3 hxg6 21. exf6 Rxf6 22. Nxd4 Nc6 23. Be3 Bg4 24. Kd2 Bf3 25. Rh4 Bh5 26. Rg1 Kf7 27. Rg5 Ne7 28. f4 Re8 29. f5 Nc6 30. Rf4 Ne5 31. Rf2 a6 32. a4 Re7 33. Rg3 Re8 34. a5 Bg4 35. fxg6+ Kxg6 36. Rfg2 Kh5 37. Rh2+ Kg6 38. Rh4 Rf1 39. Rh6+ Kf7 40. Rh7+ Kf6 41. Rxb7 Rd1+ 42. Kc2 Rc8+ 43. Kb3 Ra1 44. Rb6+ Kf7 45. Rxa6 Bd1+ 46. Kb4 Nxd3+ 47. Kb5 Ba4+ 48. Kb6 Rb8+ 49. Kc7 Rxb2 50. Rf3+ Kg8 51. Rg6+ Kh7 52. Rh6+ Kg8 53. Ne6 1-0

[Event "Beirut op 11th"]
[Site "Beirut"]
[Date "2022.11.17"]
[Round "7"]
[White "Mirzoev, Azer"]
[Black "Lorparizangeneh, Shahin"]
[Result "1/2-1/2"]
[WhiteElo "2462"]
[BlackElo "2471"]
[PlyCount "25"]
[EventDate "2022.11.12"]
[EventType "swiss"]
[EventRounds "9"]
[EventCountry "LBN"]
[SourceTitle "EXT 2024"]
[Source "ChessBase"]
[SourceDate "2023.10.10"]
[SourceVersion "1"]
[SourceVersionDate "2023.10.10"]
[SourceQuality "1"]

1. c4 Nf6 2. Nf3 g6 3. d4 Bg7 4. g3 0-0 5. Bg2 c6 6. 0-0 d5 7. cxd5 cxd5 8. Ne5 Ng4 9. Nf3 Nf6 10. Ne5 Ng4 11. Nf3 Nf6 12. Ne5 Ng4 13. Bf3 1/2-1/2

[Event "Titled Tuesday intern op 02nd Aug Early"]
[Site "Chess.com INT"]
[Date "2022.08.02"]
[Round "1"]
[White "Ismayil, Malak"]
[Black "Lorparizangeneh, Shahin"]
[Result "1-0"]
[WhiteElo "1941"]
[BlackElo "2471"]
[PlyCount "105"]
[EventDate "2022.08.02"]
[EventType "swiss (blitz)"]
[EventRounds "11"]
[EventCountry "USA"]
[SourceTitle "EXT 2023"]
[Source "ChessBase"]
[SourceDate "2022.10.05"]
[SourceVersion "1"]
[SourceVersionDate "2022.10.05"]
[SourceQuality "1"]

1. e4 c6 2. d4 d5 3. Nc3 dxe4 4. Nxe4 Nf6 5. Nxf6+ exf6 6. Nf3 Bd6 7. Bd3 0-0 8. 0-0 Re8 9. h3 Nd7 10. Be3 Nf8 11. c4 f5 12. Qd2 Ng6 13. Qc2 f4 14. Bd2 Qf6 15. Bc3 Bd7 16. c5 Bc7 17. d5 Ne5 18. Bxe5 Bxe5 19. d6 h5 20. Rae1 b6 21. b4 Bc3 22. Rb1 g5 23. Nxg5 Qxg5 24. Qxc3 f3 25. g3 Bxh3 26. Rfe1 h4 27. Be4 bxc5 28. Qxf3 cxb4 29. Bxc6 Rxe1+ 30. Rxe1 Rd8 31. Re8+ Rxe8 32. Bxe8 hxg3 33. Qxf7+ Kh8 34. Qf8+ Kh7 35. Qe7+ Kh6 36. Qxg5+ Kxg5 37. d7 Bxd7 38. Bxd7 Kf4 39. fxg3+ Kxg3 40. Kf1 Kf3 41. Ke1 Ke3 42. Be6 Kd3 43. Kd1 Kc3 44. Kc1 a5 45. Bb3 Kd3 46. Kb2 Kd2 47. Bc4 Ke3 48. Kb3 Kd4 49. Bf7 Kc5 50. Ka4 Kb6 51. Bc4 Kc5 52. Bd3 Kb6 53. Bb5 1-0

[Event "Nakhchivan Sunday GM 05"]
[Site "Nakhchivan"]
[Date "2022.05.17"]
[Round "5"]
[White "Ibrahimli, Murad Sultanali"]
[Black "Lorparizangeneh, Shahin"]
[Result "1-0"]
[WhiteElo "2437"]
[BlackElo "2502"]
[PlyCount "81"]
[EventDate "2022.05.15"]
[EventType "team-schev"]
[EventRounds "9"]
[EventCountry "AZE"]
[SourceTitle "CBM 208 Extra"]
[Source "ChessBase"]
[SourceDate "2022.07.31"]
[SourceVersion "1"]
[SourceVersionDate "2022.07.31"]
[SourceQuality "1"]
[WhiteTeam "Team B"]
[BlackTeam "Team A"]
[WhiteTeamCountry "AZE"]
[BlackTeamCountry "AZE"]

1. d4 Nf6 2. c4 g6 3. Nc3 d5 4. cxd5 Nxd5 5. e4 Nxc3 6. bxc3 Bg7 7. Qa4+ Nd7 8. Nf3 0-0 9. Be2 Nb6 10. Qa5 f5 11. e5 Be6 12. 0-0 Bd5 13. Qc5 e6 14. c4 Bc6 15. Rd1 Re8 16. Qb4 h6 17. Ne1 Qe7 18. Qa5 Rad8 19. Ba3 Qg5 20. Qc3 Rd7 21. Bf3 Bxf3 22. Nxf3 Qf4 23. Re1 Qg4 24. Rad1 Red8 25. h3 Qh5 26. Qb3 c6 27. Bd6 Kh7 28. a4 Nc8 29. c5 Re8 30. Nd2 g5 31. Nc4 Ne7 32. Bxe7 Rdxe7 33. Nd6 Rg8 34. a5 g4 35. hxg4 Qxg4 36. Kf1 Bf8 37. Qh3 Qg5 38. Re3 Reg7 39. Ne8 f4 40. Nf6+ Kh8 41. Rf3 1-0